Normal view
MARC view
- قانون الشركات -- الشركات التجارية -- الشركة
Entry Topical Term
001 - CONTROL NUMBER
- control field: 25291
003 - CONTROL NUMBER IDENTIFIER
- control field: JO-AjAnu
005 - DATE AND TIME OF LATEST TRANSACTION
- control field: 20230606074326.0
008 - FIXED-LENGTH DATA ELEMENTS
- fixed length control field: 230606|| aca||aabn | a|a d
040 ## - CATALOGING SOURCE
- Original cataloging agency: JO-AjAnu
- Transcribing agency: JO-AjAnu
150 ## - HEADING--TOPICAL TERM
- Topical term or geographic name entry element: قانون الشركات -- الشركات التجارية -- الشركة
670 ## - SOURCE DATA FOUND
- Source citation: Work cat.: (JO-AjAnu)13007: سامي ، فوزي محمد , author 25290, الشركات التجارية : الأحكام العامة والخاصة